Don Quijote del microscopio : (Record no. 141921)

MARC details
000 -LEADER
campo de control de longitud fija 00882nam a22002531 4500
001 - NÚMERO DE CONTROL
campo de control 141921
003 - IDENTIFICADOR DE NÚMERO DE CONTROL
campo de control ES-MaACL
005 - FECHA Y HORA DE LA ÚLTIMA TRANSACCIÓN
campo de control 20230906200411.0
007 - CAMPO FIJO DE DESCRIPCIÓN FÍSICA--INFORMACIÓN GENERAL
campo de control de longitud fija t|
008 - DATOS DE LONGITUD FIJA--INFORMACIÓN GENERAL
campo de control de longitud fija 071001s1955 sp ||||0| spa d
080 ## - NÚMERO DE LA CLASIFICACIÓN DECIMAL UNIVERSAL
Número de la Clasificación Decimal Universal 929 Ramón y Cajal, Santiago
100 1# - ENTRADA PRINCIPAL--NOMBRE DE PERSONA
Nombre de persona Williams, Harley.
9 (RLIN) 116926
245 10 - MENCIÓN DEL TÍTULO
Título Don Quijote del microscopio :
Resto del título una interpretación del sabio español Santiago Ramón y Cajal (1854-1934) /
Mención de responsabilidad, etc. Harley Williams ; [versión española Palmira Abelló].
250 ## - MENCION DE EDICION
Mención de edición 1ª ed.
260 ## - PUBLICACIÓN, DISTRIBUCIÓN, ETC.
Lugar de publicación, distribución, etc. Madrid :
Nombre del editor, distribuidor, etc. Taurus,
Fecha de publicación, distribución, etc. 1955.
300 ## - DESCRIPCIÓN FÍSICA
Extensión 229 p. ;
Dimensiones 19 cm.
490 1# - MENCIÓN DE SERIE
Mención de serie Con el tiempo ;
Designación de volumen o secuencia 3
504 ## - NOTA DE BIBLIOGRAFÍA, ETC.
Nota de bibliografía, etc. Bibliografía: p. 227-229.
600 14 - PUNTO DE ACCESO ADICIONAL DE MATERIA--NOMBRE DE PERSONA
Nombre de persona Ramón y Cajal, Santiago,
Fechas asociadas al nombre 1852-1934-
Subdivisión general Biografías
9 (RLIN) 95228
700 1# - ENTRADA AGREGADA--NOMBRE PERSONAL
Nombre de persona Abelló, Palmira,
Fechas asociadas al nombre 1934-
9 (RLIN) 18079
830 1# - PUNTO DE ACCESO ADICIONAL DE SERIE-TÍTULO UNIFORME
Título uniforme Con el tiempo ;
Designación de volumen o secuencia 3
9 (RLIN) 183469
852 ## - LOCALIZACIÓN
Ubicación ES-MaACL
Número de control de estantería C-9711
Holdings
Estatus retirado Estado de pérdida Estado de daño No para préstamo Biblioteca de origen Biblioteca actual Ubicación en estantería Fecha de adquisición Fuente de adquisición Total de préstamos Signatura topográfica completa Código de barras Visto por última vez Precio de reemplazo Tipo de ítem Koha
        Biblioteca del Ateneo de Madrid Biblioteca del Ateneo de Madrid Sala Palomar 17/01/2008     C-9711 1147671 23/02/2023 23/02/2023 Libro impreso